[Event "CZE-ch"]
[Site "Ostrava"]
[Date "2018.05.05"]
[Round "8"]
[White "Svatos, Jan"]
[Black "Skalsky, Alexandr"]
[Result "0-1"]
[WhiteElo "2272"]
[BlackElo "2205"]
[PlyCount "270"]
[EventDate "2018.04.28"]
[EventType "swiss"]
[EventRounds "9"]
[EventCountry "CZE"]
[SourceTitle "CBM 184 Extra"]
[Source "ChessBase"]
[SourceDate "2018.06.28"]
[SourceVersion "1"]
[SourceVersionDate "2018.06.28"]
[SourceQuality "1"]

1. d4 Nf6 2. Nf3 g6 3. Bf4 Bg7 4. e3 d6 5. h3 0-0 6. Nbd2 c5 7. dxc5 dxc5 8. Nc4 Nc6 9. Be2 Qxd1+ 10. Rxd1 Bf5 11. c3 Rfd8 12. 0-0 Rxd1 13. Rxd1 Rd8 14. Rxd8+ Nxd8 15. Bc7 Nc6 16. Nfe5 Nxe5 17. Nxe5 Ne8 18. Bb8 Bxe5 19. Bxe5 Nd6 20. f3 Be6 21. b3 f6 22. Bg3 a5 23. c4 Kf7 24. Be1 b6 25. a4 Bd7 26. g4 e5 27. Bg3 g5 28. Bd3 h5 29. gxh5 Bxh3 30. Kf2 Bf5 31. e4 Bd7 32. Kg2 Ne8 33. Kh2 Nc7 34. Kg1 Ne6 35. Kg2 Nf8 36. Bf2 Ne6 37. Be3 Kg7 38. Be2 Be8 39. Kg3 Bxh5 40. Bd1 Be8 41. Bd2 Bd7 42. Be3 Nd8 43. Bd2 Nc6 44. Bc1 Kf7 45. Be3 Ke6 46. Bc1 Kd6 47. Be3 Nd4 48. Bc1 Be8 49. Be3 Bh5 50. Kf2 Ke6 51. Bd2 Kf7 52. Kg3 Kg6 53. Bc3 f5 54. exf5+ Nxf5+ 55. Kf2 Nd4 56. Ke3 Kf5 57. Be1 Ke6 58. Bf2 Bg6 59. Kd2 Kf6 60. Bg1 Bh5 61. Ke3 Kf5 62. Bh2 Ke6 63. Bg1 Kd6 64. Bh2 Bg6 65. Kd2 Ne6 66. Bg3 Nf4 67. Bh2 Ke6 68. Ke3 Kf6 69. Bg3 Kg7 70. Bh2 Kh6 71. Bg3 Kh5 72. Kd2 Bf5 73. Ke3 Kg6 74. Kd2 Kf6 75. Ke3 Ne6 76. Bh2 Nd4 77. Kd2 Bh3 78. Ke3 Kf5 79. Bg3 Kf6 80. Bh2 Bf5 81. Kd2 Bg6 82. Bg1 Nf5 83. Bh2 Bh5 84. Bg1 Nh4 85. Ke3 Ng2+ 86. Kf2 Nf4 87. Ke3 Ne6 88. Bh2 Bg6 89. Bg1 Ke7 90. Bh2 Kd6 91. Bg1 Nd4 92. Kd2 e4 93. Bh2+ Kd7 94. fxe4 Bxe4 95. Be5 Bf3 96. Bxd4 Bxd1 97. Be3 Bxb3 98. Kc3 Bxa4 99. Bxg5 Bd1 100. Bc1 Kc6 101. Bg5 Kd7 102. Bc1 Be2 103. Kb3 Kc6 104. Bg5 a4+ 105. Kxa4 Bxc4 106. Bd2 Kd5 107. Bc3 Ke4 108. Ka3 Kd3 109. Kb2 b5 110. Be1 Bd5 111. Bf2 Kc4 112. Bh4 Be4 113. Be7 b4 114. Bf8 Kb5 115. Be7 c4 116. Bf6 Bd5 117. Bg7 Ka4 118. Bf6 Kb5 119. Bg7 Kc6 120. Bf6 Kd6 121. Bg7 Kc6 122. Bf6 Be6 123. Bg7 Bf7 124. Bf6 Kd6 125. Bg7 Kc6 126. Bf6 Bh5 127. Bg7 Bd1 128. Kc1 Ba4 129. Kd2 Kd5 130. Bf6 Bd7 131. Bg7 Bf5 132. Bf6 Kc6 133. Bg7 Kb5 134. Bf6 Ka4 135. Ba1 Kb3 0-1

[Event "CZE-ch"]
[Site "Ostrava"]
[Date "2018.05.02"]
[Round "5"]
[White "Konopka, Michal"]
[Black "Svatos, Jan"]
[Result "1/2-1/2"]
[WhiteElo "2373"]
[BlackElo "2272"]
[PlyCount "82"]
[EventDate "2018.04.28"]
[EventType "swiss"]
[EventRounds "9"]
[EventCountry "CZE"]
[SourceTitle "CBM 184 Extra"]
[Source "ChessBase"]
[SourceDate "2018.06.28"]
[SourceVersion "1"]
[SourceVersionDate "2018.06.28"]
[SourceQuality "1"]

1. Nf3 d5 2. d4 Nf6 3. c4 e6 4. g3 Be7 5. Bg2 0-0 6. 0-0 dxc4 7. Ne5 Nc6 8. Nxc6 bxc6 9. Na3 Bxa3 10. bxa3 Nd5 11. Qc2 a5 12. Qxc4 Ba6 13. Qc2 a4 14. Rd1 Bb5 15. e4 Nb6 16. Bd2 Qd7 17. Bb4 Rfd8 18. Rac1 Rac8 19. Qc5 Qe8 20. Qc2 Qd7 21. h4 h6 22. Qc5 Qe8 23. f4 Nd7 24. Qc2 Nb6 25. Qc5 Nd7 26. Qe7 Nb6 27. Qxe8+ Rxe8 28. Rc5 Nd7 29. Rc2 Nb6 30. Bc5 Rcd8 31. Bf3 Nc4 32. Kf2 Rd7 33. Be2 Nd6 34. Bxd6 cxd6 35. Bxb5 cxb5 36. Rc6 d5 37. e5 Rb8 38. Rb1 h5 39. Ke3 Rdb7 40. Rb4 g6 41. Kd3 Kf8 1/2-1/2

[Event "CZE-ch"]
[Site "Ostrava"]
[Date "2018.05.01"]
[Round "4"]
[White "Bures, Jaroslav"]
[Black "Svatos, Jan"]
[Result "1-0"]
[WhiteElo "2407"]
[BlackElo "2272"]
[PlyCount "43"]
[EventDate "2018.04.28"]
[EventType "swiss"]
[EventRounds "9"]
[EventCountry "CZE"]
[SourceTitle "CBM 184 Extra"]
[Source "ChessBase"]
[SourceDate "2018.06.28"]
[SourceVersion "1"]
[SourceVersionDate "2018.06.28"]
[SourceQuality "1"]

1. d4 Nf6 2. c4 e6 3. Nc3 d5 4. cxd5 exd5 5. Bg5 Be7 6. e3 0-0 7. Bd3 Nbd7 8. Qc2 c5 9. Nge2 Re8 10. 0-0 a6 11. dxc5 Nxc5 12. Bxf6 Bxf6 13. Bxh7+ Kh8 14. Rad1 Re5 15. Nf4 Be6 16. b4 Nd7 17. Ncxd5 Rc8 18. Qb1 Bg4 19. f3 Be6 20. Nxe6 fxe6 21. Nf4 Rxe3 22. Rxd7 1-0

[Event "CZE-ch"]
[Site "Ostrava"]
[Date "2018.04.29"]
[Round "2"]
[White "Kopriva, Martin"]
[Black "Svatos, Jan"]
[Result "0-1"]
[WhiteElo "2071"]
[BlackElo "2272"]
[PlyCount "52"]
[EventDate "2018.04.28"]
[EventType "swiss"]
[EventRounds "9"]
[EventCountry "CZE"]
[SourceTitle "CBM 184 Extra"]
[Source "ChessBase"]
[SourceDate "2018.06.28"]
[SourceVersion "1"]
[SourceVersionDate "2018.06.28"]
[SourceQuality "1"]

1. e4 d5 2. exd5 Nf6 3. Bb5+ Bd7 4. Be2 Nxd5 5. d4 g6 6. Nf3 Bg7 7. c4 Nb6 8. Nc3 Bg4 9. Be3 Nc6 10. c5 Nd5 11. h3 Bxf3 12. Bxf3 Nxe3 13. fxe3 0-0 14. 0-0 Rb8 15. Qa4 e6 16. Kh1 Ne7 17. Rad1 Nf5 18. Rfe1 Bh6 19. e4 Ng3+ 20. Kg1 Bf4 21. Qxa7 Qg5 22. Rd3 Bd2 23. Kf2 Bxe1+ 24. Kxe1 Qc1+ 25. Nd1 Qf4 26. a3 Nxe4 0-1

[Event "CZE-chT2A 1718"]
[Site "Czech Republic"]
[Date "2018.04.08"]
[Round "11.2"]
[White "Elias, Miroslav"]
[Black "Svatos, Jan"]
[Result "1/2-1/2"]
[WhiteElo "2063"]
[BlackElo "2250"]
[PlyCount "70"]
[EventDate "2017.10.15"]
[EventType "team-tourn"]
[EventRounds "11"]
[EventCountry "CZE"]
[SourceTitle "EXT 2022"]
[Source "ChessBase"]
[SourceDate "2021.10.06"]
[SourceVersion "1"]
[SourceVersionDate "2021.10.06"]
[SourceQuality "1"]
[WhiteTeam "Sokolov"]
[BlackTeam "Praha Vrsovice"]
[WhiteTeamCountry "CZE"]
[BlackTeamCountry "CZE"]

1. e4 c6 2. d4 d5 3. exd5 cxd5 4. Bd3 Nc6 5. c3 Nf6 6. Bf4 e6 7. Nf3 Be7 8. 0-0 0-0 9. Re1 a6 10. a4 Bd7 11. Ne5 Be8 12. Nd2 Nxe5 13. dxe5 Nd7 14. Qg4 Kh8 15. Re3 f5 16. exf6 Nxf6 17. Qh3 Bf7 18. Be5 Bg8 19. Nf3 Nd7 20. Bd4 Bf6 21. Rxe6 Bxd4 22. cxd4 Rxf3 23. gxf3 Qg5+ 24. Kh1 Qd2 25. Re3 Nf6 26. Qh4 Rc8 27. Rg1 Rc7 28. Qg3 Rf7 29. Qh4 Qxb2 30. Bf5 Rc7 31. Rge1 Rc4 32. Rb1 Qd2 33. Rd3 Qe2 34. Re3 Qd2 35. Rd3 Qe2 1/2-1/2

[Event "CZE-chT1W 1718"]
[Site "Czech Republic"]
[Date "2017.12.10"]
[Round "4.4"]
[White "Petrova, Kristyna"]
[Black "Svatos, Jan"]
[Result "1/2-1/2"]
[WhiteElo "2282"]
[BlackElo "2260"]
[PlyCount "98"]
[EventDate "2017.10.29"]
[EventType "team-tourn"]
[EventRounds "11"]
[EventCountry "CZE"]
[SourceTitle "EXT 2019"]
[Source "ChessBase"]
[SourceDate "2018.10.10"]
[SourceVersion "1"]
[SourceVersionDate "2018.10.10"]
[SourceQuality "1"]
[WhiteTeam "Hradec Kralove Slavia"]
[BlackTeam "Praha Bohemians"]
[WhiteTeamCountry "CZE"]
[BlackTeamCountry "CZE"]

1. e4 c6 2. d4 d5 3. Nc3 dxe4 4. Nxe4 Bf5 5. Ng3 Bg6 6. h4 h6 7. Nf3 Nd7 8. h5 Bh7 9. Bd3 Bxd3 10. Qxd3 Ngf6 11. Bd2 e6 12. 0-0-0 Bd6 13. Ne4 Nxe4 14. Qxe4 Qc7 15. g3 0-0-0 16. c4 c5 17. Bc3 Kb8 18. d5 exd5 19. cxd5 Rhe8 20. Qc2 f6 21. Nh4 Be5 22. Nf5 Bxc3 23. Qxc3 Nb6 24. d6 Qf7 25. Qb3 c4 26. Qf3 Re5 27. Rhe1 Nd7 28. Kb1 Rde8 29. Re3 R8e6 30. g4 a6 31. Rde1 Rxe3 32. Rxe3 Rxe3 33. Qxe3 Qd5 34. Qd4 Qxd4 35. Nxd4 Ne5 36. Ne6 Kc8 37. Nxg7 Nxg4 38. Nf5 Kd7 39. f3 Ne5 40. Nxh6 Kxd6 41. Ng4 Nxf3 42. Nxf6 Ke5 43. Nd7+ Kd4 44. h6 Ng5 45. Kc2 Nh7 46. Kd2 Kd5 47. Kc3 b5 48. a3 a5 49. b3 b4+ 1/2-1/2

[Event "CZE-chT2A 1718"]
[Site "Czech Republic"]
[Date "2017.11.05"]
[Round "2.2"]
[White "Petr, Jan1111"]
[Black "Svatos, Jan"]
[Result "0-1"]
[WhiteElo "2270"]
[BlackElo "2250"]
[PlyCount "152"]
[EventDate "2017.10.15"]
[EventType "team-tourn"]
[EventRounds "11"]
[EventCountry "CZE"]
[SourceTitle "EXT 2022"]
[Source "ChessBase"]
[SourceDate "2021.10.06"]
[SourceVersion "1"]
[SourceVersionDate "2021.10.06"]
[SourceQuality "1"]
[WhiteTeam "Praha Smichov"]
[BlackTeam "Praha Vrsovice"]
[WhiteTeamCountry "CZE"]
[BlackTeamCountry "CZE"]

1. d4 Nf6 2. Bg5 Ne4 3. Bf4 d5 4. f3 Nf6 5. Nc3 Bf5 6. g4 Bg6 7. h4 h6 8. e3 e6 9. Bd3 Bxd3 10. Qxd3 a6 11. Nh3 c5 12. g5 Nh5 13. dxc5 Nc6 14. 0-0-0 Bxc5 15. gxh6 Nxf4 16. Nxf4 Rxh6 17. Rhg1 Qa5 18. a3 Ne5 19. Qe2 Bxa3 20. Nb1 Bf8 21. e4 d4 22. Rxd4 Bc5 23. b4 Qa1 24. Rdd1 Bxb4 25. Rxg7 Ba3+ 26. Kd2 0-0-0+ 27. Ke1 Nxf3+ 28. Qxf3 Rxd1+ 29. Kxd1 Qxg7 30. Nxa3 Rxh4 31. Ne2 Rh8 32. Nc4 Qa1+ 33. Kd2 Rd8+ 34. Ke3 Qg7 35. e5 Qg5+ 36. Qf4 Qxf4+ 37. Nxf4 Kc7 38. Nd3 b5 39. Nd6 Rxd6 40. exd6+ Kxd6 41. Kd4 f6 42. c4 e5+ 43. Kc3 bxc4 44. Kxc4 a5 45. Nc5 Kc6 46. Na4 f5 47. Nc3 f4 48. Kd3 Kc5 49. Ke4 Kc4 50. Nb1 a4 51. Kxe5 f3 52. Ke4 f2 53. Ke3 f1Q 54. Nd2+ Kc3 55. Nxf1 a3 56. Nd2 a2 57. Ne4+ Kc2 58. Kd4 a1Q+ 59. Kd5 Kd3 60. Nc5+ Ke3 61. Ne6 Qa2+ 62. Ke5 Qa5+ 63. Kd6 Ke4 64. Nc5+ Kf5 65. Kd5 Qd2+ 66. Kc4 Ke5 67. Nd3+ Ke4 68. Nc5+ Ke3 69. Kb5 Qc2 70. Kb4 Kd4 71. Nb3+ Kd5 72. Na5 Qc5+ 73. Ka4 Qb6 74. Nb3 Kc4 75. Na5+ Kc3 76. Nc4 Qb4# 0-1

[Event "Prague Pankrac Cup"]
[Site "Prague"]
[Date "2017.10.31"]
[Round "7"]
[White "Rydl, Jiri"]
[Black "Svatos, Jan"]
[Result "1/2-1/2"]
[WhiteElo "2398"]
[BlackElo "2310"]
[PlyCount "63"]
[EventDate "2017.09.19"]
[EventType "swiss"]
[EventRounds "7"]
[EventCountry "CZE"]
[SourceTitle "EXT 2019"]
[Source "ChessBase"]
[SourceDate "2018.10.10"]
[SourceVersion "1"]
[SourceVersionDate "2018.10.10"]
[SourceQuality "1"]

1. c4 g6 2. Nc3 Bg7 3. g3 c5 4. Bg2 Nc6 5. Nf3 e6 6. d3 Nge7 7. Bg5 h6 8. Bd2 0-0 9. a3 d5 10. 0-0 b6 11. Rb1 Bb7 12. b4 dxc4 13. dxc4 Rc8 14. Na4 cxb4 15. axb4 Nd4 16. c5 Nxf3+ 17. Bxf3 Bxf3 18. exf3 Nd5 19. Qc2 Qd7 20. Rfc1 Qb5 21. Bc3 Nxc3 22. Nxc3 Bxc3 23. Qxc3 Rfd8 24. Qe3 h5 25. Qf4 Qe2 26. Re1 Qd2 27. Qxd2 Rxd2 28. Rec1 Rd5 29. Ra1 bxc5 30. bxc5 Rdxc5 31. Rxc5 Rxc5 32. Rxa7 1/2-1/2